| 000 | 00811cam a22002293a 4500 | ||
|---|---|---|---|
| 001 | 18973 | ||
| 003 | PGUSA | ||
| 005 | 20140828083413.0 | ||
| 008 | 060803s2006||||xxu|||||s|||||000 | eng d | ||
| 040 |
_aPGUSA _beng |
||
| 042 | _adc | ||
| 050 | 4 | _aE011 | |
| 100 | 1 |
_aThomas, Cyrus, _d1825-1910 |
|
| 245 | 1 | 0 |
_aDay Symbols of the Maya Year : _bSixteenth Annual Report of the Bureau of American Ethnology to the Secretary of the Smithsonian Institution, 1894-1895, Government Printing Office, Washington, 1897, pages 199-266. _h[electronic resource] / _cCyrus Thomas |
| 260 |
_bProject Gutenberg, _c2006 |
||
| 506 | _aPublic domain in the USA. | ||
| 516 | _aElectronic text | ||
| 653 | _aMaya calendar | ||
| 830 | 0 |
_aProject Gutenberg _v18973 |
|
| 856 | 4 | 0 | _uhttp://www.gutenberg.org/ebooks/18973 |
| 942 | _cEB | ||
| 999 |
_c248228 _d248228 |
||